| 000 | 00418nam a22001457a 4500 | ||
|---|---|---|---|
| 003 | OSt | ||
| 008 | 250212b |||||||| |||| 00| 0 eng d | ||
| 020 | _a9788196680176 | ||
| 100 | _aGOEL, Rahul | ||
| 245 | _aKnowledge Petals: IOT Essential Building and Deploying Practical Solutions | ||
| 260 |
_aNew Delhi: _bNaples Indian Publication: _c2024. |
||
| 300 | _a202p. | ||
| 650 | _aFaculty Publication | ||
| 942 |
_2ddc _cBK |
||
| 999 |
_c13113 _d13113 |
||